[Event "MCRE_SF07"]
[Site "?"]
[Date "2006.??.??"]
[Round "?"]
[White "Mezera, Lukas"]
[Black "Koukal, Vladimir"]
[Result "0-1"]
[WhiteElo "2284"]
[BlackElo "2230"]
[PlyCount "32"]
[EventDate "2006.??.??"]
[EventType "corr"]
[EventRounds "2"]
[SourceDate "2006.08.10"]

1. e4 e5 2. Nf3 Nc6 3. Bb5 a6 4. Ba4 Nf6 5. O-O Be7 6. Re1 b5 7. Bb3 d6 8. c3
O-O 9. h3 Na5 10. Bc2 c5 11. d4 cxd4 12. cxd4 Bb7 13. d5 Nd7 14. Nc3 Rc8 15. a3
Qc7 16. Na2 Qxc2 0-1

[Event "MCRE_SF07"]
[Site "?"]
[Date "2006.??.??"]
[Round "?"]
[White "Koukal, Vladimir"]
[Black "Juhasz, Jozef"]
[Result "0-1"]
[WhiteElo "2230"]
[BlackElo "2162"]
[PlyCount "75"]
[EventDate "2006.??.??"]
[EventType "corr"]
[EventRounds "2"]
[SourceDate "2006.08.10"]

1. e4 c5 2. Nf3 d6 3. d4 cxd4 4. Nxd4 Nf6 5. Nc3 a6 6. Be2 e5 7. Nb3 Be7 8. O-O
O-O 9. Be3 Be6 10. Qd3 Nc6 11. a3 d5 12. exd5 Nxd5 13. Nxd5 Qxd5 14. Rad1 Qxd3
15. Bxd3 f5 16. Nc5 Bxc5 17. Bxc5 e4 18. Bxf8 exd3 19. Bc5 dxc2 20. Rd6 Bb3 21.
Rc1 f4 22. Bd4 a5 23. Bc3 Re8 24. Bd2 Ne5 25. Bxf4 Nc4 26. Rd7 Nxb2 27. Bd2 b6
28. Bc3 Nd1 29. Rxg7+ Kf8 30. Rg3 Nxc3 31. Rf3+ Kg8 32. Rg3+ Kh8 33. Rxc3 Rd8
34. Re1 b5 35. Rxb3 Rd1 36. Rbe3 Rxe1+ 37. Rxe1 b4 38. axb4 0-1

[Event "MCRE_SF07"]
[Site "?"]
[Date "2006.??.??"]
[Round "?"]
[White "Priesol, Daniel"]
[Black "Hrubcik, Martin"]
[Result "1-0"]
[WhiteElo "2262"]
[BlackElo "2118"]
[PlyCount "51"]
[EventDate "2006.??.??"]
[EventType "corr"]
[EventRounds "2"]
[SourceDate "2006.08.10"]

1. e4 c6 2. d4 d5 3. Nc3 dxe4 4. Nxe4 Nd7 5. Ng5 Ngf6 6. Bd3 e6 7. N1f3 Bd6 8.
Qe2 h6 9. Ne4 Nxe4 10. Qxe4 Nf6 11. Qe2 b6 12. Bd2 Bb7 13. O-O-O Qc7 14. Kb1
O-O 15. g4 c5 16. g5 hxg5 17. Bxg5 Be7 18. Rhg1 Rfd8 19. h4 a6 20. Ne5 Rxd4 21.
f4 Rad8 22. h5 c4 23. Nxc4 Be4 24. Ne5 Bf5 25. h6 g6 26. Qh2 1-0

[Event "MCRE_SF07"]
[Site "?"]
[Date "2006.??.??"]
[Round "?"]
[White "Priesol, Daniel"]
[Black "Koukal, Vladimir"]
[Result "1/2-1/2"]
[WhiteElo "2262"]
[BlackElo "2230"]
[PlyCount "36"]
[EventDate "2006.??.??"]
[EventType "corr"]
[EventRounds "2"]
[SourceDate "2006.08.10"]

1. e4 e5 2. Nf3 Nc6 3. d4 exd4 4. Nxd4 Bc5 5. Nxc6 Qf6 6. Qd2 dxc6 7. Nc3 Be6
8. Na4 Bd6 9. Qe3 Qe5 10. f4 Qa5+ 11. Nc3 Nf6 12. Bd2 O-O-O 13. Bd3 Rhe8 14. a3
Ng4 15. Qe2 Bc5 16. Nd1 Qb6 17. h3 Nh6 18. b4 Bd4 1/2-1/2

[Event "MCRE_SF07"]
[Site "?"]
[Date "2006.??.??"]
[Round "?"]
[White "Juhasz, Jozef"]
[Black "Blecha, Miroslav"]
[Result "0-1"]
[WhiteElo "2162"]
[BlackElo "2200"]
[PlyCount "82"]
[EventDate "2006.??.??"]
[EventType "corr"]
[EventRounds "2"]
[SourceDate "2006.08.10"]

1. d4 Nf6 2. c4 e6 3. Nf3 b6 4. e3 Bb7 5. Bd3 d5 6. O-O Bd6 7. cxd5 exd5 8. Nc3
O-O 9. b3 a6 10. Bb2 Nbd7 11. Rc1 Ne4 12. Qc2 Qe7 13. a3 f5 14. a4 c5 15. Ne2
Rac8 16. dxc5 bxc5 17. Ng3 Qe6 18. Ne2 Qh6 19. Ng3 Rce8 20. Rfe1 Nb8 21. Qd1
Nc6 22. Ba3 Rf7 23. Bb1 a5 24. Bd3 Re6 25. Qc2 g5 26. Bb5 Nb4 27. Bxb4 axb4 28.
Nd2 Nxf2 29. Kxf2 Qxh2 30. Ngf1 Qh1 31. Nf3 g4 32. N1d2 Qh6 33. Bd3 gxf3 34.
Nxf3 c4 35. Bxf5 Ree7 36. bxc4 Bc5 37. Qd3 Rxf5 38. Qxf5 Bxe3+ 39. Kf1 Qh1+ 40.
Ke2 Qxg2+ 41. Kd1 dxc4 0-1

[Event "MCRE_SF07"]
[Site "?"]
[Date "2006.??.??"]
[Round "?"]
[White "Blecha, Miroslav"]
[Black "Juhasz, Jozef"]
[Result "1-0"]
[WhiteElo "2200"]
[BlackElo "2162"]
[PlyCount "99"]
[EventDate "2006.??.??"]
[EventType "corr"]
[EventRounds "2"]
[SourceDate "2006.08.10"]

1. e4 c5 2. Nf3 d6 3. d4 cxd4 4. Nxd4 Nf6 5. Nc3 a6 6. Bg5 e6 7. f4 Qb6 8. Qd2
Qxb2 9. Nb3 Qa3 10. Bxf6 gxf6 11. Be2 Nc6 12. O-O Bd7 13. Kh1 Rc8 14. Nd1 b5
15. Ne3 Qb4 16. Qd3 Ne7 17. c4 bxc4 18. Nxc4 d5 19. exd5 Nxd5 20. f5 Bb5 21.
Nbd2 Bg7 22. Rab1 Qe7 23. fxe6 fxe6 24. a4 Bc6 25. Bh5+ Kf8 26. Ne5 Bb7 27. Ne4
f5 28. Nd6 Rc7 29. Nxf5 exf5 30. Qxf5+ Bf6 31. Ng4 Rg8 32. Rbe1 Qd7 33. Re6 Rc6
34. Re8+ Qxe8 35. Bxe8 Kxe8 36. Re1+ Ne7 37. Nxf6+ Rxf6 38. Qxf6 Bxg2+ 39. Kg1
Be4+ 40. Kf1 Rf8 41. Qxf8+ Kxf8 42. Rxe4 Kf7 43. Rd4 Nc8 44. Rd7+ Ke8 45. Rxh7
Nb6 46. Rh6 Nxa4 47. Rxa6 Nc3 48. h4 Kf7 49. h5 Kg7 50. Kg2 1-0

[Event "MCRE_SF07"]
[Site "?"]
[Date "2006.??.??"]
[Round "?"]
[White "Blecha, Miroslav"]
[Black "Hrubcik, Martin"]
[Result "1-0"]
[WhiteElo "2200"]
[BlackElo "2118"]
[PlyCount "53"]
[EventDate "2006.??.??"]
[EventType "corr"]
[EventRounds "2"]
[SourceDate "2006.08.10"]

1. e4 c6 2. d4 d5 3. Nc3 dxe4 4. Nxe4 Nd7 5. Ng5 Ngf6 6. Bd3 e6 7. N1f3 Bd6 8.
Qe2 h6 9. Ne4 Nxe4 10. Qxe4 Nf6 11. Qe2 Qc7 12. Bd2 b6 13. O-O-O Bb7 14. Ne5 c5
15. Bb5+ Ke7 16. dxc5 Qxc5 17. a3 Qc7 18. f4 Rhd8 19. Bd3 Rac8 20. Kb1 a5 21.
Rhf1 b5 22. g4 b4 23. g5 hxg5 24. Nxf7 gxf4 25. Nxd6 Qxd6 26. Bxf4 Qc5 27. Rg1
1-0

[Event "MCRE_SF07"]
[Site "?"]
[Date "2006.??.??"]
[Round "?"]
[White "Hrubcik, Martin"]
[Black "Blecha, Miroslav"]
[Result "1/2-1/2"]
[WhiteElo "2118"]
[BlackElo "2200"]
[PlyCount "47"]
[EventDate "2006.??.??"]
[EventType "corr"]
[EventRounds "2"]
[SourceDate "2006.08.10"]

1. e4 c5 2. Nf3 d6 3. d4 cxd4 4. Nxd4 Nf6 5. Nc3 a6 6. Bg5 e6 7. f4 h6 8. Bh4
Be7 9. Qf3 Qc7 10. O-O-O Nbd7 11. g4 b5 12. Bxf6 Nxf6 13. h4 b4 14. Nce2 e5 15.
g5 hxg5 16. hxg5 Rxh1 17. gxf6 Rxf1 18. fxg7 Rxf3 19. g8=Q+ Bf8 20. Nxf3 Be6
21. fxe5 O-O-O 22. Qg5 Bxa2 23. Nf4 dxe5 24. Qf5+ 1/2-1/2

[Event "MCRE_SF07"]
[Site "?"]
[Date "2006.??.??"]
[Round "?"]
[White "Koukal, Vladimir"]
[Black "Hrubcik, Martin"]
[Result "1/2-1/2"]
[WhiteElo "2230"]
[BlackElo "2118"]
[PlyCount "61"]
[EventDate "2006.??.??"]
[EventType "corr"]
[EventRounds "2"]
[SourceDate "2006.08.10"]

1. e4 c6 2. d4 d5 3. exd5 cxd5 4. c4 Nf6 5. Nc3 e6 6. Nf3 Bb4 7. Bd3 dxc4 8.
Bxc4 O-O 9. O-O b6 10. Qb3 Bxc3 11. bxc3 Qc7 12. Ba3 Rd8 13. Rfe1 Bb7 14. Ne5
Re8 15. Nxf7 Qxf7 16. Rxe6 Kh8 17. Re7 Qxe7 18. Bxe7 Rxe7 19. Qa3 Re8 20. Bf7
Rd8 21. Qe7 Nbd7 22. c4 Ba6 23. Qa3 Bb7 24. Re1 Nf8 25. f3 Rxd4 26. Re8 Rxe8
27. Bxe8 Kg8 28. Qxa7 Nxe8 29. Qxb7 Nd7 30. Qc6 Nd6 31. c5 1/2-1/2

[Event "MCRE_SF07"]
[Site "?"]
[Date "2006.??.??"]
[Round "?"]
[White "Priesol, Daniel"]
[Black "Koci, Vladimir"]
[Result "1-0"]
[WhiteElo "2262"]
[BlackElo "2178"]
[PlyCount "51"]
[EventDate "2006.??.??"]
[EventType "corr"]
[EventRounds "2"]
[SourceDate "2006.08.10"]

1. e4 c5 2. Nf3 d6 3. d4 cxd4 4. Nxd4 Nf6 5. Nc3 g6 6. f3 Bg7 7. Be3 O-O 8. Qd2
Nc6 9. Bc4 Nd7 10. h4 Nb6 11. Bb3 Na5 12. h5 Nbc4 13. Qe2 Nxb3 14. axb3 Nxe3
15. Qxe3 Bd7 16. O-O-O a5 17. Rh2 Re8 18. g4 a4 19. hxg6 hxg6 20. bxa4 Bxa4 21.
Nf5 gxf5 22. gxf5 Qa5 23. Rg1 Qe5 24. Qh6 Kf8 25. Qg5 e6 26. Rh7 1-0

[Event "MCRE_SF07"]
[Site "?"]
[Date "2006.??.??"]
[Round "?"]
[White "Koukal, Vladimir"]
[Black "Priesol, Daniel"]
[Result "1/2-1/2"]
[WhiteElo "2230"]
[BlackElo "2262"]
[PlyCount "45"]
[EventDate "2006.??.??"]
[EventType "corr"]
[EventRounds "2"]
[SourceDate "2006.08.10"]

1. e4 e5 2. Nf3 Nf6 3. Bb5 c6 4. Be2 Nxe4 5. Nxe5 d5 6. d3 Nf6 7. O-O Bd6 8. d4
O-O 9. Re1 Qc7 10. f4 Re8 11. Nc3 Nbd7 12. Bd3 a6 13. Be3 c5 14. Qf3 cxd4 15.
Bxd4 Bc5 16. Qf2 b6 17. Rad1 Bb7 18. Nxd7 Nxd7 19. Bf5 Nf6 20. Na4 Bxd4 21.
Qxd4 b5 22. Nc5 Re7 23. Rxe7 1/2-1/2

[Event "MCRE_SF07"]
[Site "?"]
[Date "2006.??.??"]
[Round "?"]
[White "Mezera, Lukas"]
[Black "Priesol, Daniel"]
[Result "1/2-1/2"]
[WhiteElo "2284"]
[BlackElo "2262"]
[PlyCount "36"]
[EventDate "2006.??.??"]
[EventType "corr"]
[EventRounds "2"]
[SourceDate "2006.08.10"]

1. e4 e5 2. Nf3 Nf6 3. Nxe5 d6 4. Nf3 Nxe4 5. Nc3 Nxc3 6. dxc3 Be7 7. Bf4 Nd7
8. Qd2 O-O 9. O-O-O Nc5 10. Be3 c6 11. Nd4 Ne4 12. Qe1 Re8 13. f3 Nf6 14. Qf2
Nd5 15. Bd2 Bg5 16. h4 Bxd2+ 17. Qxd2 Ne3 18. Re1 Nxf1 1/2-1/2

[Event "MCRE_SF07"]
[Site "?"]
[Date "2006.??.??"]
[Round "?"]
[White "Koukal, Vladimir"]
[Black "Blecha, Miroslav"]
[Result "0-1"]
[WhiteElo "2230"]
[BlackElo "2200"]
[PlyCount "73"]
[EventDate "2006.??.??"]
[EventType "corr"]
[EventRounds "2"]
[SourceDate "2006.08.10"]

1. e4 c5 2. Nf3 d6 3. d4 cxd4 4. Nxd4 Nf6 5. Nc3 a6 6. Be3 e5 7. Nb3 Be6 8. Be2
Be7 9. O-O O-O 10. Nd5 Nxd5 11. exd5 Bf5 12. f4 exf4 13. Bxf4 Bf6 14. c3 Bg6
15. Bh5 Nd7 16. Bxg6 hxg6 17. Kh1 Qb6 18. Qg4 Ne5 19. Bxe5 Bxe5 20. Qa4 Qe3 21.
Rad1 Qh6 22. h3 b5 23. Qb4 Qg5 24. Rd3 Rfe8 25. Nd2 a5 26. Qxb5 Bf4 27. Nf3 Qg3
28. Qb6 Re2 29. Qg1 Rxb2 30. a3 Re8 31. Ne5 Qh4 32. Nf3 Qh5 33. Qd4 g5 34. Ng1
Qg6 35. Qc4 Qe4 36. Qxe4 Rxe4 37. Nf3 0-1

[Event "MCRE_SF07"]
[Site "?"]
[Date "2006.??.??"]
[Round "?"]
[White "Juhasz, Jozef"]
[Black "Berko, Michal"]
[Result "1/2-1/2"]
[WhiteElo "2162"]
[BlackElo "2064"]
[PlyCount "57"]
[EventDate "2006.??.??"]
[EventType "corr"]
[EventRounds "2"]
[SourceDate "2006.08.10"]

1. e4 e6 2. d4 d5 3. Nc3 Nf6 4. Bg5 dxe4 5. Nxe4 Be7 6. Nxf6+ Bxf6 7. Bxf6 Qxf6
8. Nf3 O-O 9. c3 b6 10. Bd3 Bb7 11. Qc2 Bxf3 12. gxf3 Qh4 13. Be4 c6 14. Qd2
Rc8 15. Rg1 g6 16. Rg4 Qxh2 17. Qg5 Qc7 18. Rg3 Nd7 19. O-O-O Qd8 20. f4 Rc7
21. Qh6 Nf6 22. Bc2 Qd6 23. Kb1 b5 24. Qh4 Kg7 25. f5 exf5 26. Bxf5 b4 27. c4
Re8 28. Bc2 Rce7 29. c5 1/2-1/2

[Event "MCRE_SF07"]
[Site "?"]
[Date "2006.??.??"]
[Round "?"]
[White "Berko, Michal"]
[Black "Juhasz, Jozef"]
[Result "1/2-1/2"]
[WhiteElo "2064"]
[BlackElo "2162"]
[PlyCount "51"]
[EventDate "2006.??.??"]
[EventType "corr"]
[EventRounds "2"]
[SourceDate "2006.08.10"]

1. Nf3 Nf6 2. c4 c5 3. Nc3 d5 4. cxd5 Nxd5 5. d4 e6 6. e4 Nxc3 7. bxc3 cxd4 8.
cxd4 Nc6 9. Bc4 b5 10. Bb3 Bb4+ 11. Bd2 Bxd2+ 12. Qxd2 O-O 13. O-O a6 14. Qe3
Bb7 15. d5 exd5 16. Bxd5 Na5 17. Rfd1 Bxd5 18. Rxd5 Qe7 19. a4 Nc4 20. Qd4 Rab8
21. axb5 axb5 22. h3 Rfe8 23. Ra7 Qxe4 24. Qxe4 Rxe4 25. Rxb5 Ree8 26. Rf5
1/2-1/2

[Event "MCRE_SF07"]
[Site "?"]
[Date "2006.??.??"]
[Round "?"]
[White "Koci, Vladimir"]
[Black "Juhasz, Jozef"]
[Result "0-1"]
[WhiteElo "2178"]
[BlackElo "2162"]
[PlyCount "62"]
[EventDate "2006.??.??"]
[EventType "corr"]
[EventRounds "2"]
[SourceDate "2006.08.10"]

1. d4 Nf6 2. Nf3 d5 3. Bf4 e6 4. e3 c5 5. c3 Nc6 6. Nbd2 Bd6 7. Bg5 cxd4 8.
exd4 Qb6 9. Rb1 e5 10. dxe5 Ng4 11. Nd4 Bxe5 12. N2b3 Nxd4 13. Nxd4 O-O 14. Bd3
Bxd4 15. cxd4 Re8+ 16. Kf1 h6 17. Bh4 Bd7 18. h3 Nf6 19. f3 Nh5 20. Qd2 Bb5 21.
Bxb5 Qxb5+ 22. Kf2 g5 23. Bxg5 hxg5 24. Qxg5+ Ng7 25. Rhd1 Re6 26. Kg1 Rae8 27.
Rd2 Rg6 28. Qh4 Nf5 29. Qf2 Rge6 30. Qf1 Qa5 31. Qd3 Ng3 0-1

[Event "MCRE_SF07"]
[Site "?"]
[Date "2006.??.??"]
[Round "?"]
[White "Juhasz, Jozef"]
[Black "Koukal, Vladimir"]
[Result "1/2-1/2"]
[WhiteElo "2162"]
[BlackElo "2230"]
[PlyCount "115"]
[EventDate "2006.??.??"]
[EventType "corr"]
[EventRounds "2"]
[SourceDate "2006.08.10"]

1. e4 e5 2. Nf3 Nc6 3. Bb5 a6 4. Bxc6 dxc6 5. O-O f6 6. d4 Bg4 7. c3 c5 8. dxe5
Qxd1 9. Rxd1 fxe5 10. h3 Bxf3 11. gxf3 Bd6 12. Na3 O-O-O 13. Nc4 Nf6 14. a4 g5
15. a5 h6 16. Kf1 Rhf8 17. Ke2 Nh5 18. Rd5 Nf6 19. Rd3 Ng8 20. h4 gxh4 21. Bd2
Ne7 22. f4 exf4 23. e5 f3+ 24. Rxf3 Rxf3 25. Kxf3 Bxe5 26. Bxh6 Bf6 27. Be3 Rd5
28. Re1 Kd8 29. Kg4 Nf5 30. Bf4 Nd6 31. Bxd6 cxd6 32. Re6 Be7 33. f4 Rd1 34.
Rh6 Ke8 35. Rh7 Rg1+ 36. Kf5 Kf8 37. Ke6 Kg8 38. Rh5 Rg7 39. Nxd6 Bd8 40. Ne4
Rf7 41. Nxc5 Rh7 42. Rd5 Be7 43. Nd7 h3 44. Rd1 Bd8 45. Nf6+ Bxf6 46. Kxf6 Rf7+
47. Kg5 Rg7+ 48. Kh4 h2 49. Kh3 Rh7+ 50. Kg2 Rh4 51. Rh1 Rxf4 52. Rxh2 Ra4 53.
b4 Ra2+ 54. Kg3 Ra3 55. Rc2 Kf7 56. Kf4 Ke6 57. Ke4 Kd6 58. Kd4 1/2-1/2

[Event "MCRE_SF07"]
[Site "?"]
[Date "2006.??.??"]
[Round "?"]
[White "Juhasz, Jozef"]
[Black "Priesol, Daniel"]
[Result "1-0"]
[WhiteElo "2162"]
[BlackElo "2262"]
[PlyCount "69"]
[EventDate "2006.??.??"]
[EventType "corr"]
[EventRounds "2"]
[SourceDate "2006.08.10"]

1. d4 Nf6 2. Nf3 g6 3. c4 Bg7 4. Nc3 d5 5. Qb3 dxc4 6. Qxc4 O-O 7. e4 Na6 8.
Be2 c5 9. d5 e6 10. O-O exd5 11. exd5 Bf5 12. Be3 Qb6 13. Na4 Qa5 14. Rad1 Ne4
15. Ng5 Nd6 16. Qf4 Rfe8 17. Nxc5 Nxc5 18. Qxd6 Bxb2 19. Qf4 h6 20. Nxf7 Kxf7
21. g4 Re4 22. Qg3 Bd7 23. Bxc5 Be5 24. Qg2 Re8 25. Be3 Kg7 26. Bf3 Ra4 27. d6
Rf8 28. h3 Rxa2 29. Rd5 Qc3 30. Rc5 Qxe3 31. fxe3 Rxg2+ 32. Bxg2 Rxf1+ 33. Kxf1
Kf6 34. Bxb7 Bxd6 35. Ra5 1-0

[Event "MCRE_SF07"]
[Site "?"]
[Date "2006.??.??"]
[Round "?"]
[White "Priesol, Daniel"]
[Black "Mezera, Lukas"]
[Result "1/2-1/2"]
[WhiteElo "2262"]
[BlackElo "2284"]
[PlyCount "47"]
[EventDate "2006.??.??"]
[EventType "corr"]
[EventRounds "2"]
[SourceDate "2006.08.10"]

1. e4 c5 2. Nf3 d6 3. d4 cxd4 4. Nxd4 Nf6 5. Nc3 a6 6. Be3 e5 7. Nb3 Be6 8. f3
Be7 9. Qd2 O-O 10. O-O-O Nbd7 11. g4 b5 12. g5 b4 13. Ne2 Ne8 14. f4 a5 15. Kb1
a4 16. Nbc1 exf4 17. Nxf4 Bxg5 18. Nxe6 Bxe3 19. Nxd8 Bxd2 20. Rxd2 Rxd8 21.
Rd4 Nc5 22. Rxb4 Nf6 23. Bg2 Rb8 24. Rd4 1/2-1/2

[Event "MCRE_SF07"]
[Site "?"]
[Date "2006.??.??"]
[Round "?"]
[White "Priesol, Daniel"]
[Black "Juhasz, Jozef"]
[Result "1-0"]
[WhiteElo "2262"]
[BlackElo "2162"]
[PlyCount "85"]
[EventDate "2006.??.??"]
[EventType "corr"]
[EventRounds "2"]
[SourceDate "2006.08.10"]

1. e4 c5 2. Nf3 d6 3. d4 cxd4 4. Nxd4 Nf6 5. Nc3 a6 6. Bg5 e6 7. f4 Qb6 8. Nb3
Be7 9. Qf3 Nbd7 10. O-O-O Qc7 11. Bd3 b5 12. a3 Rb8 13. Rhe1 b4 14. axb4 Rxb4
15. Kb1 Bb7 16. Qh3 e5 17. g4 Nc5 18. fxe5 dxe5 19. Nxc5 Bxc5 20. Bxf6 gxf6 21.
Na2 Rb6 22. Bc4 Bf2 23. Re2 Bd4 24. Bb3 O-O 25. Rd3 a5 26. Nc3 Bxc3 27. Rxc3
Qd6 28. Qe3 Rb4 29. Rd3 Qa6 30. c4 Qe6 31. g5 Kh8 32. gxf6 Qxf6 33. Ba2 Rg8 34.
Rd1 Bc6 35. Ka1 Qf4 36. Qc5 Bxe4 37. Rf2 Qg5 38. Rxf7 Qh5 39. Rff1 Qxh2 40. Rd2
Qg3 41. Qd6 Qg5 42. c5 Ra4 43. Rdf2 1-0

[Event "MCRE_SF07"]
[Site "?"]
[Date "2006.??.??"]
[Round "?"]
[White "Blecha, Miroslav"]
[Black "Priesol, Daniel"]
[Result "1-0"]
[WhiteElo "2200"]
[BlackElo "2262"]
[PlyCount "65"]
[EventDate "2006.??.??"]
[EventType "corr"]
[EventRounds "2"]
[SourceDate "2006.08.10"]

1. e4 c5 2. Nf3 d6 3. d4 cxd4 4. Nxd4 Nf6 5. Nc3 a6 6. Bg5 e6 7. f4 Qb6 8. Qd2
Qxb2 9. Nb3 Qa3 10. Bxf6 gxf6 11. Be2 h5 12. O-O Nc6 13. Nb1 Qb4 14. Qd3 Ne7
15. N1d2 d5 16. c4 dxe4 17. Nxe4 Bg7 18. f5 O-O 19. a3 Qa4 20. Qg3 Nxf5 21.
Nxf6+ Kh8 22. Qg5 Bh6 23. Qxh5 Kg7 24. Nc5 Qa5 25. Nce4 Rh8 26. Kh1 Qe5 27.
Rad1 Bd2 28. Qg4+ Kf8 29. Nh5 Rg8 30. Qf3 Ba5 31. g4 Bc7 32. Rf2 Nh6 33. Nef6
1-0

[Event "MCRE_SF07"]
[Site "?"]
[Date "2006.??.??"]
[Round "?"]
[White "Hrubcik, Martin"]
[Black "Juhasz, Jozef"]
[Result "1-0"]
[WhiteElo "2118"]
[BlackElo "2162"]
[PlyCount "99"]
[EventDate "2006.??.??"]
[EventType "corr"]
[EventRounds "2"]
[SourceDate "2006.08.10"]

1. e4 c5 2. Nf3 d6 3. d4 cxd4 4. Nxd4 Nf6 5. Nc3 a6 6. Be2 e5 7. Nb3 Be7 8. O-O
O-O 9. Be3 Be6 10. Qd2 Nbd7 11. a4 Rc8 12. a5 Qc7 13. Rfd1 Nc5 14. Nxc5 dxc5
15. Qe1 Rcd8 16. b3 Rxd1 17. Qxd1 Qc6 18. Bd3 Ng4 19. Bd2 c4 20. Bxc4 Bc5 21.
Be1 Bd4 22. Ra4 Bd7 23. h3 Bxc3 24. hxg4 Bxe1 25. Qxe1 Qc7 26. Ra1 Bxg4 27. Qe3
h6 28. Qb6 Rc8 29. Qb4 Qd7 30. Rc1 Kh7 31. Bd5 Qd8 32. Qd2 b5 33. axb6 Qxb6 34.
Bxf7 Rf8 35. Bc4 Qg6 36. Bf1 Bf3 37. Re1 Rf4 38. Re3 Bxe4 39. Qd8 Qg4 40. Rxe4
Rxe4 41. f3 Rd4 42. Bd3+ Rxd3 43. Qxd3+ Qg6 44. Qxg6+ Kxg6 45. b4 Kf5 46. c4
Ke6 47. Kf2 Ke7 48. Ke3 Kd6 49. Kd3 Kd7 50. Ke4 1-0

[Event "MCRE_SF07"]
[Site "?"]
[Date "2006.??.??"]
[Round "?"]
[White "Mezera, Lukas"]
[Black "Juhasz, Jozef"]
[Result "1/2-1/2"]
[WhiteElo "2284"]
[BlackElo "2162"]
[PlyCount "51"]
[EventDate "2006.??.??"]
[EventType "corr"]
[EventRounds "2"]
[SourceDate "2006.08.10"]

1. e4 c5 2. Nf3 d6 3. d4 cxd4 4. Nxd4 Nf6 5. Nc3 a6 6. f3 e5 7. Nb3 Be6 8. Be3
Be7 9. Qd2 Nbd7 10. O-O-O b5 11. g4 b4 12. Nd5 Bxd5 13. exd5 Nb6 14. Qxb4 Nfxd5
15. Bxb6 Nxb6 16. f4 Qc7 17. Qe4 O-O 18. Bd3 g6 19. Kb1 a5 20. fxe5 dxe5 21. a4
Rac8 22. Bb5 f5 23. gxf5 gxf5 24. Rhg1+ Kh8 25. Qe2 e4 26. c3 1/2-1/2

[Event "MCRE_SF07"]
[Site "?"]
[Date "2006.??.??"]
[Round "?"]
[White "Juhasz, Jozef"]
[Black "Koci, Vladimir"]
[Result "1-0"]
[WhiteElo "2162"]
[BlackElo "2178"]
[PlyCount "73"]
[EventDate "2006.??.??"]
[EventType "corr"]
[EventRounds "2"]
[SourceDate "2006.08.10"]

1. e4 c5 2. c3 d5 3. exd5 Qxd5 4. d4 Nf6 5. Nf3 Nc6 6. dxc5 Qxd1+ 7. Kxd1 e5 8.
b4 Bg4 9. Kc2 Bf5+ 10. Kb3 Ng4 11. Bc4 a5 12. Re1 axb4 13. cxb4 f6 14. Re2 e4
15. Bb2 O-O-O 16. Nh4 Bd7 17. Nd2 Nxf2 18. Nxe4 Nxe4 19. Rxe4 b6 20. cxb6 Nxb4
21. Bc3 Bc6 22. Re6 Bd5 23. Bxb4 Bxe6 24. Bxe6+ Kb7 25. Bc3 Bd6 26. a4 Rhe8 27.
Bc4 Kxb6 28. Nf5 Bxh2 29. a5+ Kb7 30. Rh1 Be5 31. Rxh7 Bxc3 32. Rxg7+ Kc6 33.
Kxc3 Rd1 34. Nd4+ Kd6 35. Nb5+ Ke5 36. a6 Ra1 37. a7 1-0

[Event "MCRE_SF07"]
[Site "?"]
[Date "2006.??.??"]
[Round "?"]
[White "Juhasz, Jozef"]
[Black "Hrubcik, Martin"]
[Result "1/2-1/2"]
[WhiteElo "2162"]
[BlackElo "2118"]
[PlyCount "93"]
[EventDate "2006.??.??"]
[EventType "corr"]
[EventRounds "2"]
[SourceDate "2006.08.10"]

1. e4 c6 2. d4 d5 3. e5 Bf5 4. Nf3 e6 5. Be2 Nd7 6. O-O Bg6 7. c3 Nh6 8. Bxh6
gxh6 9. Nbd2 Rg8 10. Re1 Be7 11. a4 a5 12. Nf1 Nf8 13. Bd3 h5 14. Rb1 h4 15. h3
Bh5 16. N1h2 h6 17. Qd2 Bg6 18. Bxg6 Rxg6 19. b3 Bg5 20. Qb2 Be7 21. Qe2 Rg8
22. Kh1 Qd7 23. Ng4 h5 24. Ne3 Ng6 25. Qd2 b6 26. Red1 f5 27. exf6 Bxf6 28. Nc2
Qc7 29. Qe3 Kf7 30. Nce1 Qf4 31. Qe2 e5 32. Nd3 Qe4 33. Qxe4 dxe4 34. Nfxe5+
Nxe5 35. Nxe5+ Bxe5 36. dxe5 Rg5 37. Rd7+ Ke6 38. Rd6+ Kxe5 39. Rxc6 Rag8 40.
Rg1 Rf8 41. Rf1 Rfg8 42. Rxb6 Rxg2 43. Rb5+ Kf4 44. Rxa5 e3 45. fxe3+ Kg3 46.
Rg1 Kxh3 47. Rxg2 1/2-1/2

[Event "MCRE_SF07"]
[Site "?"]
[Date "2006.??.??"]
[Round "?"]
[White "Blecha, Miroslav"]
[Black "Berko, Michal"]
[Result "1/2-1/2"]
[WhiteElo "2200"]
[BlackElo "2064"]
[PlyCount "61"]
[EventDate "2006.??.??"]
[EventType "corr"]
[EventRounds "2"]
[SourceDate "2006.08.10"]

1. e4 c5 2. Nf3 Nc6 3. d4 cxd4 4. Nxd4 Nf6 5. Nc3 e5 6. Ndb5 d6 7. Bg5 a6 8.
Na3 b5 9. Nd5 Be7 10. Bxf6 Bxf6 11. c3 O-O 12. Nc2 Bg5 13. a4 bxa4 14. Rxa4 a5
15. Bc4 Ne7 16. O-O Bd7 17. Ra2 Nxd5 18. Bxd5 Rc8 19. Na3 Kh8 20. Nc4 Bb5 21.
Qb3 Rb8 22. Qa3 f5 23. exf5 a4 24. Rd1 Rxf5 25. Qxd6 Qe8 26. Ne3 Bxe3 27. fxe3
Rd8 28. Qc5 Be2 29. Re1 e4 30. c4 Bd3 31. Qb4 1/2-1/2

[Event "MCRE_SF07"]
[Site "?"]
[Date "2006.??.??"]
[Round "?"]
[White "Koukal, Vladimir"]
[Black "Mezera, Lukas"]
[Result "1-0"]
[WhiteElo "2230"]
[BlackElo "2284"]
[PlyCount "45"]
[EventDate "2006.??.??"]
[EventType "corr"]
[EventRounds "2"]
[SourceDate "2006.08.10"]

1. e4 c5 2. Nf3 d6 3. d4 cxd4 4. Nxd4 Nf6 5. Nc3 a6 6. Be2 e6 7. O-O Be7 8. f4
O-O 9. Be3 Qc7 10. g4 Re8 11. g5 Nfd7 12. Bh5 g6 13. Bg4 Bf8 14. Qd3 h6 15.
Rad1 hxg5 16. Nxe6 fxe6 17. e5 Kg7 18. exd6 Qd8 19. Ne4 Nc6 20. fxg5 Nde5 21.
Qe2 Kh8 22. Nf6 Bd7 23. Bh5 1-0

[Event "MCRE_SF07"]
[Site "?"]
[Date "2006.??.??"]
[Round "?"]
[White "Berko, Michal"]
[Black "Koukal, Vladimir"]
[Result "1/2-1/2"]
[WhiteElo "2064"]
[BlackElo "2230"]
[PlyCount "68"]
[EventDate "2006.??.??"]
[EventType "corr"]
[EventRounds "2"]
[SourceDate "2006.08.10"]

1. Nf3 d5 2. d4 Nf6 3. Bf4 Bf5 4. e3 e6 5. Bd3 Bxd3 6. Qxd3 Bd6 7. O-O O-O 8.
Bg5 c5 9. dxc5 Bxc5 10. Nbd2 Be7 11. c4 Nc6 12. Rfd1 Ng4 13. Bxe7 Qxe7 14. cxd5
Rfd8 15. Qb3 Rxd5 16. Ne4 Rad8 17. h3 Rxd1+ 18. Rxd1 Rxd1+ 19. Qxd1 Nf6 20.
Nxf6+ gxf6 21. a3 Qc5 22. Nd4 Nxd4 23. Qxd4 Qxd4 24. exd4 f5 25. Kf1 Kf8 26.
Ke2 Ke7 27. Kd3 Kd6 28. Kc4 f4 29. a4 h5 30. g4 hxg4 31. hxg4 Kc6 32. a5 Kd6
33. Kd3 Kd5 34. b3 b6 1/2-1/2

[Event "MCRE_SF07"]
[Site "?"]
[Date "2006.??.??"]
[Round "?"]
[White "Koci, Vladimir"]
[Black "Koukal, Vladimir"]
[Result "0-1"]
[WhiteElo "2178"]
[BlackElo "2230"]
[PlyCount "60"]
[EventDate "2006.??.??"]
[EventType "corr"]
[EventRounds "2"]
[SourceDate "2006.08.10"]

1. d4 Nf6 2. Nf3 d5 3. Bf4 Bf5 4. e3 e6 5. Nbd2 Bd6 6. Ne5 O-O 7. Be2 c5 8. g4
Be4 9. f3 cxd4 10. exd4 Bg6 11. h4 h5 12. gxh5 Nxh5 13. Bg5 Qc7 14. Nxg6 Bg3+
15. Kf1 fxg6 16. Bd3 Nc6 17. Bxg6 Nf4 18. Bxf4 Qxf4 19. c3 e5 20. h5 exd4 21.
Rh3 Qg5 22. Qe2 dxc3 23. bxc3 Bf4 24. Nb3 Ne5 25. Qg2 Qf6 26. Nd4 Be3 27. f4
Qxf4+ 28. Ke2 Bxd4 29. Qxd5+ Kh8 30. Qxd4 Qf6 0-1

[Event "MCRE_SF07"]
[Site "?"]
[Date "2006.??.??"]
[Round "?"]
[White "Berko, Michal"]
[Black "Mezera, Lukas"]
[Result "1/2-1/2"]
[WhiteElo "2064"]
[BlackElo "2284"]
[PlyCount "42"]
[EventDate "2006.??.??"]
[EventType "corr"]
[EventRounds "2"]
[SourceDate "2006.08.10"]

1. Nf3 Nf6 2. c4 g6 3. g3 Bg7 4. d4 O-O 5. Bg2 d5 6. cxd5 Nxd5 7. O-O Nb6 8.
Nc3 Nc6 9. d5 Na5 10. Qc2 c6 11. dxc6 Nxc6 12. Rd1 Qe8 13. h3 Bf5 14. e4 Be6
15. Be3 Nb4 16. Qc1 Rc8 17. Qb1 Nc4 18. Bd4 Bh6 19. Bxa7 Nc6 20. Bc5 b6 21. Bd4
Nd2 1/2-1/2